Statistics for Countries that end in "Land"

Click here to take the quiz!

General Stats

  • This quiz has been taken 46 times
  • The average score is 5 of 7

Answer Stats

Answer% Correct
Ireland
90%
Iceland
87%
Finland
85%
Poland
77%
New Zealand
74%
Thailand
69%
Switzerland
64%

Score Distribution

Percentile by Number Answered

Percent of People with Each Score

Your Score History

You have not taken this quiz